| 000 | 00862nam a22002417a 4500 | ||
|---|---|---|---|
| 999 |
_c96343 _d96343 |
||
| 005 | 20230320101623.0 | ||
| 010 | _a B-599356-361 ENG-115632 | ||
| 020 |
_a9788126548972 _c599.00 |
||
| 035 | _aB-599356-361 EN-99164 | ||
| 037 | _bAsian/Ven | ||
| 037 | _bDBAD/PUB | ||
| 082 | _a005.2762 | ||
| 100 | _aLowe, Doug | ||
| 245 |
_aJava: all-in-one for dummies a wiley brand/ _cby Doug Lowe |
||
| 250 | _a4th edn | ||
| 260 |
_aNew Delhi _b Wiley _c2014 |
||
| 270 |
_a4435-36/7, Ansari Road, Daryaganj, _bNew Delhi _e110002 |
||
| 300 |
_a936p. _c23cm(pbk) |
||
| 700 | _aResnick,Robert | ||
| 700 | _aKrane,Kenneth S. | ||
| 942 |
_2ddc _cEN _h005.2762 _mLOW |
||